Statistics for Okaihau express lyrics

Click here to take the quiz!

General Stats

  • This quiz has been taken 32 times
  • The average score is 134 of 187

Answer Stats

HintAnswer% Correct
lyricfrom
100%
lyricout
100%
lyricShe
100%
lyricstarts
100%
lyricExpress.
96%
lyricis
96%
lyricOkaihau
96%
lyricOtiria
96%
lyricseen,
96%
lyricsmallest
96%
lyricthe
96%
lyricthe
96%
lyricThis
96%
lyrictrain
96%
lyricyou've
96%
lyrica
92%
lyricAn
92%
lyricand
92%
lyricengine
92%
lyricguardsvan
92%
lyrica
88%
lyricdoesn't
88%
lyricdriver
88%
lyricDriving
88%
lyricExpress.
88%
lyricExpress.
88%
lyriche
88%
lyricif
88%
lyricis
88%
lyricjourney
88%
lyricOkaihau
88%
lyricOkaihau
88%
lyricslow,
88%
lyrictakes
88%
lyricthe
88%
lyricthe
88%
lyricThe
88%
lyricthe
88%
lyricThis
88%
lyricwith
88%
lyricworry
88%
lyric30
83%
lyricall
83%
lyricand
83%
lyricbetween,
83%
lyriccarriage
83%
lyricdo
83%
lyricDriving
83%
lyricExpress.
83%
lyricgo,
83%
lyricgot
83%
lyricHe's
83%
lyricin
83%
lyricit
83%
lyricmiles
83%
lyricOkaihau
83%
lyricthe
83%
lyricto
83%
lyricto
83%
lyricday
79%
lyricin
79%
lyricShe
79%
lyric10
71%
lyrican
71%
lyricAnd
71%
lyricbegan
71%
lyricbend
71%
lyricdoin'
71%
lyricgoin'
71%
lyrichour,
71%
lyricmiles
71%
lyricround
71%
lyricshriek.
71%
lyricThe
71%
lyricthe
71%
lyricthe
71%
lyricto
71%
lyricwas
71%
lyricwhistle
71%
lyrica
67%
lyricbrisket
67%
lyricbull
67%
lyriccaught
67%
lyricengine
67%
lyricfor
67%
lyricin
67%
lyricmiddle
67%
lyricof
67%
lyricof
67%
lyricshe
67%
lyricsmelled
67%
lyricsteak
67%
lyricthat
67%
lyricthe
67%
lyricthe
67%
lyricweek.
67%
lyricWell
67%
lyrica
63%
lyrica
63%
lyrican
63%
lyricapple
63%
lyricat
63%
lyricback,
63%
lyricbox,
63%
lyricBut
63%
lyriccan't
63%
lyricdifference
63%
lyricdrippin'
63%
lyricExpress.
63%
lyricExpress.
63%
lyricExpress.
63%
lyricExpress.
63%
lyricfrom
63%
lyricher
63%
lyricin
63%
lyricin
63%
lyricis
63%
lyricis
63%
lyricit
63%
lyricit's
63%
lyricjust
63%
lyricjust
63%
lyricknows
63%
lyricno
63%
lyricOkaihau
63%
lyricOkaihau
63%
lyricOkaihau
63%
lyricOkaihau
63%
lyricOkaihau
63%
lyricone
63%
lyricOtiria
63%
lyricpippies
63%
lyricpuppies
63%
lyricrack
63%
lyricreverse
63%
lyricRiding
63%
lyricRiding
63%
lyricsack,
63%
lyricsingle
63%
lyricterminus,
63%
lyricthe
63%
lyricthe
63%
lyricthe
63%
lyricthe
63%
lyricthe
63%
lyricthe
63%
lyricthe
63%
lyricThere's
63%
lyricthey're
63%
lyricThis
63%
lyricThis
63%
lyricto
63%
lyrictrack,
63%
lyricturn
63%
lyricwhen
63%
lyricyou
63%
lyricYou
63%
lyrica
58%
lyrica
58%
lyricat
58%
lyricbucket,
58%
lyricdriver
58%
lyricExpress.
58%
lyricExpress.
58%
lyricfireman
58%
lyricin,
58%
lyricis
58%
lyricis
58%
lyriclake
58%
lyricOkaihau
58%
lyricOkaihau
58%
lyricOmapere,
58%
lyricShe
58%
lyricsome
58%
lyricstops
58%
lyricswim,
58%
lyrictake
58%
lyrictakes
58%
lyrictakes
58%
lyricthe
58%
lyricthe
58%
lyricThe
58%
lyricthe
58%
lyricThis
58%
lyricThis
58%
lyricto
58%
lyricwater
58%

Score Distribution

Percentile by Number Answered

Percent of People with Each Score

Your Score History

You have not taken this quiz